000 00482nam a22001577a 4500
005 20251121114619.0
008 251121b |||||||| |||| 00| 0 eng d
020 _a979-8-88715-309-4
100 _aKINGSTON, RICK TED
245 _aPEST MANAGEMENT
_bPRINCIPLES AND PRACTICES
260 _aDUBLIN
_bORYSON PRESS
_c2024
300 _aVII, 272P.
500 _aINCLUDES INDEX
650 _a1.PESTCONTROL 2. INTEGRATED PEST MANAGEMENT 3. AGRICULTURAL PESTS- CONTROL
942 _2lcc
_cBK
999 _c216252
_d216252